Fr. Conceicao Rodrigues College of Engineering

Software Project Management (Record no. 31180)

MARC details
000 -LEADER
fixed length control field 00374nam a2200169Ia 4500
082 ## - DEWEY DECIMAL CLASSIFICATION NUMBER
Classification number 5.1
Item number HEN
100 ## - MAIN ENTRY--PERSONAL NAME
Personal name Henry/Joel
245 ## - TITLE STATEMENT
Title Software Project Management
260 ## - PUBLICATION, DISTRIBUTION, ETC.
Name of publisher, distributor, etc. Pearson Eduation
Date of publication, distribution, etc. 2004
366 ## - TRADE AVAILABILITY INFORMATION
Publishers's discount category 25
300 ## - PHYSICAL DESCRIPTION
Extent 409
546 ## - LANGUAGE NOTE
Language note ENGLISH
-- electronics
650 ## - SUBJECT ADDED ENTRY--TOPICAL TERM
Topical term or geographic name entry element Project Management
654 ## - SUBJECT ADDED ENTRY--FACETED TOPICAL TERMS
Focus term Project management
942 ## - ADDED ENTRY ELEMENTS (KOHA)
Koha item type BOOK
Holdings
Withdrawn status Lost status Damaged status Not for loan Collection Home library Current library Date acquired Source of acquisition Cost, normal purchase price Inventory number Total Checkouts Full call number Barcode Date last seen Cost, replacement price Price effective from Koha item type
        CRC Fr. Agnel's C.Rodrigues College of Engineering Fr. Agnel's C.Rodrigues College of Engineering 17/03/2023 Allied Publishers 371.25 3491 dt 01/02/2011   5.1 HEN 21287 17/03/2023 495.00   BOOK